[Event "Balkaniad"]
[Site "Chania"]
[Date "1989.??.??"]
[Round "?"]
[White "Topalov, Veselin"]
[Black "Kocsis, Janos"]
[Result "1-0"]
[WhiteElo "2395"]
[BlackElo "2265"]
[PlyCount "79"]
[EventDate "1989.??.??"]
[EventType "team"]
[EventRounds "4"]
[EventCountry "GRE"]
[SourceTitle "EXT 1997"]
[Source "ChessBase"]
[SourceDate "1996.11.15"]
[SourceVersion "1"]
[SourceVersionDate "1996.11.15"]
[SourceQuality "1"]

1. d4 Nf6 2. c4 g6 3. Nc3 d5 4. cxd5 Nxd5 5. e4 Nxc3 6. bxc3 c5 7. Nf3 Bg7 8.
Rb1 O-O 9. Be2 Qa5 10. O-O Qxc3 11. Rb3 Qa5 12. Rb5 Qxa2 13. Rxc5 Bg4 14. d5
Nd7 15. Rc2 Qa4 16. h3 Bxf3 17. gxf3 Qa5 18. Bd2 Qb6 19. Be3 Qd6 20. f4 Nb6 21.
Qd2 Rac8 22. Rfc1 Rxc2 23. Rxc2 Rc8 24. Rxc8+ Nxc8 25. Qc1 Nb6 26. Bf1 Qd7 27.
Qc5 Nc8 28. e5 a6 29. Be2 Bf8 30. e6 Qd8 31. exf7+ Kxf7 32. Bg4 Nd6 33. Be6+
Ke8 34. Qa3 Ne4 35. Qb4 Nd6 36. Bb6 Qb8 37. f5 g5 38. Qd4 Nb5 39. Qg4 Bg7 40.
Qh5+ 1-0

[Event "BUL-ch 43th"]
[Site "Sofia"]
[Date "1989.??.??"]
[Round "2"]
[White "Ermenkov, Evgenij"]
[Black "Topalov, Veselin"]
[Result "1/2-1/2"]
[WhiteElo "2490"]
[BlackElo "2395"]
[PlyCount "25"]
[EventDate "1989.06.??"]
[EventType "tourn"]
[EventRounds "15"]
[EventCountry "BUL"]
[EventCategory "7"]
[SourceTitle "EXT 1999"]
[Source "ChessBase"]
[SourceDate "1998.11.16"]
[SourceVersion "1"]
[SourceVersionDate "1998.11.16"]
[SourceQuality "1"]

1. e4 e6 2. d4 d5 3. Nd2 Nc6 4. Ngf3 Nf6 5. e5 Nd7 6. Nb3 a5 7. a4 Be7 8. c3 f6
9. Bb5 fxe5 10. dxe5 O-O 11. Qe2 Qe8 12. Nbd4 Nc5 13. O-O 1/2-1/2

[Event "BUL-ch 43th"]
[Site "Sofia"]
[Date "1989.??.??"]
[Round "3"]
[White "Topalov, Veselin"]
[Black "Ninov, Kiril"]
[Result "1/2-1/2"]
[WhiteElo "2395"]
[BlackElo "2470"]
[PlyCount "91"]
[EventDate "1989.06.??"]
[EventType "tourn"]
[EventRounds "15"]
[EventCountry "BUL"]
[EventCategory "7"]
[SourceTitle "EXT 1999"]
[Source "ChessBase"]
[SourceDate "1998.11.16"]
[SourceVersion "1"]
[SourceVersionDate "1998.11.16"]
[SourceQuality "1"]

1. d4 d5 2. c4 c6 3. Nc3 dxc4 4. e3 b5 5. a4 b4 6. Na2 e6 7. Bxc4 Nf6 8. Nf3
Nbd7 9. Bd2 a5 10. O-O Bb7 11. Nc1 Be7 12. Nb3 O-O 13. Qe2 c5 14. Rfd1 Qb6 15.
Ne5 Nxe5 16. dxe5 Nd7 17. f4 Bc6 18. Be1 Qb7 19. Nd2 Nb6 20. Bb5 c4 21. Bxc6
Qxc6 22. Rdc1 Nxa4 23. Qxc4 Qd7 24. Qc7 Qxc7 25. Rxc7 Bd8 26. Rc2 Nb6 27. e4
Nd7 28. Nc4 Rc8 29. Rac1 f6 30. h4 fxe5 31. fxe5 Rc5 32. Bf2 Rb5 33. Bg3 Bb6+
34. Kh2 b3 35. Rd2 Nc5 36. Nxb6 Nxe4 37. Rd7 Nxg3 38. Kxg3 Rxb6 39. Rcc7 Kh8
40. h5 h6 41. Rxg7 Rg8 42. Rxg8+ Kxg8 43. Rc5 a4 44. Ra5 Rb4 45. Kf3 Kf7 46. g4
1/2-1/2

[Event "BUL-ch 43th"]
[Site "Sofia"]
[Date "1989.??.??"]
[Round "4"]
[White "Lukov, Valentin"]
[Black "Topalov, Veselin"]
[Result "1/2-1/2"]
[WhiteElo "2470"]
[BlackElo "2395"]
[PlyCount "51"]
[EventDate "1989.06.??"]
[EventType "tourn"]
[EventRounds "15"]
[EventCountry "BUL"]
[EventCategory "7"]
[SourceTitle "EXT 1999"]
[Source "ChessBase"]
[SourceDate "1998.11.16"]
[SourceVersion "1"]
[SourceVersionDate "1998.11.16"]
[SourceQuality "1"]

1. Nf3 Nf6 2. c4 d6 3. d4 Bf5 4. Nc3 h6 5. Qb3 Qc8 6. g3 Nbd7 7. Bg2 c6 8. O-O
e5 9. Re1 Be7 10. e4 Bh7 11. h3 O-O 12. Qd1 Bd8 13. a3 Re8 14. dxe5 dxe5 15.
Qc2 b5 16. Be3 Bb6 17. Bxb6 Nxb6 18. c5 Nbd5 19. Nd2 Nc7 20. b4 a5 21. Qb2 Ne6
22. Kh2 Nd4 23. f3 Qe6 24. Red1 Nh5 25. Nf1 f5 26. Ne2 1/2-1/2

[Event "BUL-ch 43th"]
[Site "Sofia"]
[Date "1989.??.??"]
[Round "6"]
[White "Topalov, Veselin"]
[Black "Simeonov, Stefan"]
[Result "1-0"]
[WhiteElo "2395"]
[BlackElo "2335"]
[PlyCount "91"]
[EventDate "1989.06.??"]
[EventType "tourn"]
[EventRounds "15"]
[EventCountry "BUL"]
[EventCategory "7"]
[SourceTitle "EXT 1999"]
[Source "ChessBase"]
[SourceDate "1998.11.16"]
[SourceVersion "1"]
[SourceVersionDate "1998.11.16"]
[SourceQuality "1"]

1. d4 Nf6 2. Nf3 e6 3. c4 c5 4. d5 exd5 5. cxd5 d6 6. Nc3 g6 7. Nd2 Bg7 8. e4
O-O 9. Be2 Na6 10. O-O Nc7 11. a4 b6 12. f3 Rb8 13. Nc4 Ba6 14. Bg5 h6 15. Be3
Re8 16. Qd2 Kh7 17. Rab1 Bxc4 18. Bxc4 a6 19. Qd3 b5 20. axb5 axb5 21. Nxb5
Nfxd5 22. Bxd5 Nxd5 23. Qxd5 Rxb5 24. Qxf7 d5 25. Rfd1 d4 26. b4 Re7 27. Qc4
Qb6 28. Bd2 Rb7 29. Rdc1 cxb4 30. Rb3 Qa7 31. Kf1 Qa2 32. Qc2 Qa6 33. Qd3 Qd6
34. f4 Ra5 35. e5 Qf8 36. Qe4 Qf7 37. e6 Qe7 38. Rg3 Rf5 39. Rxg6 Kxg6 40. g4
Rbb5 41. gxf5+ Rxf5 42. Bxb4 Qh4 43. e7 Qxf4+ 44. Qxf4 Rxf4+ 45. Kg2 Re4 46.
Rc8 1-0

[Event "BUL-ch 43th"]
[Site "Sofia"]
[Date "1989.??.??"]
[Round "8"]
[White "Topalov, Veselin"]
[Black "Janev, Evgeni"]
[Result "1-0"]
[WhiteElo "2395"]
[BlackElo "2260"]
[PlyCount "89"]
[EventDate "1989.06.??"]
[EventType "tourn"]
[EventRounds "15"]
[EventCountry "BUL"]
[EventCategory "7"]
[SourceTitle "EXT 1999"]
[Source "ChessBase"]
[SourceDate "1998.11.16"]
[SourceVersion "1"]
[SourceVersionDate "1998.11.16"]
[SourceQuality "1"]

1. d4 Nf6 2. c4 g6 3. Nc3 d5 4. e3 Bg7 5. Qb3 dxc4 6. Bxc4 O-O 7. Nf3 Nc6 8.
Ne5 Nxe5 9. dxe5 Nd7 10. e6 fxe6 11. O-O Ne5 12. Bxe6+ Kh8 13. Rd1 Bxe6 14.
Qxe6 Qc8 15. Qxe7 Qg4 16. h3 Qh5 17. f4 Nc6 18. Qa3 Rad8 19. Rf1 Rfe8 20. Qb3
Na5 21. Qb4 b6 22. Kh2 Nb7 23. e4 Nc5 24. Be3 Nd3 25. Qb3 g5 26. fxg5 Be5+ 27.
Kh1 Qh4 28. Bg1 Nf4 29. Nd5 Ne2 30. Bf2 Qxg5 31. Qf3 Rg8 32. g4 Qh6 33. Ne7
Ng3+ 34. Kg2 Nxf1 35. Nxg8 Rxg8 36. Rxf1 Rf8 37. Qd3 c5 38. b3 Re8 39. Be3 Qh4
40. Bf4 Bd4 41. e5 Qe7 42. Qe4 a5 43. Bg3 Qd7 44. Rf5 a4 45. Bh4 1-0

[Event "BUL-ch 43th"]
[Site "Sofia"]
[Date "1989.??.??"]
[Round "10"]
[White "Topalov, Veselin"]
[Black "Georgiev, Krum"]
[Result "1/2-1/2"]
[WhiteElo "2450"]
[BlackElo "2485"]
[PlyCount "90"]
[EventDate "1989.06.??"]
[EventType "tourn"]
[EventRounds "15"]
[EventCountry "BUL"]
[EventCategory "7"]
[SourceTitle "EXT 1999"]
[Source "ChessBase"]
[SourceDate "1998.11.16"]
[SourceVersion "1"]
[SourceVersionDate "1998.11.16"]
[SourceQuality "1"]

1. d4 Nf6 2. c4 g6 3. Nc3 Bg7 4. e4 d6 5. Nf3 O-O 6. Be2 e5 7. O-O Nc6 8. Be3
Ng4 9. Bg5 Bf6 10. Bxf6 Nxf6 11. d5 Ne7 12. c5 Nh5 13. cxd6 cxd6 14. Ne1 Nf4
15. Nd3 Nxe2+ 16. Qxe2 Qb6 17. Kh1 Bd7 18. f4 f6 19. fxe5 fxe5 20. Nf2 Kg7 21.
Rab1 Rf7 22. Ng4 Raf8 23. Rxf7+ Rxf7 24. Ne3 Qc5 25. Rf1 Rxf1+ 26. Nxf1 b5 27.
Qe3 b4 28. Qxc5 dxc5 29. Nd1 Nc8 30. Nd2 Nd6 31. b3 Nb5 32. Nb2 Nc3 33. Nd3 Kf6
34. Nxc5 Bb5 35. d6 Nxa2 36. Nf3 Nc3 37. h4 a5 38. g4 a4 39. g5+ Kf7 40. Nxe5+
Ke8 41. bxa4 Nxa4 42. Ne6 Bd7 43. Nd4 Nc5 44. Kg2 Nxe4 45. Nd3 Nxd6 1/2-1/2

[Event "BUL-ch 43th"]
[Site "Sofia"]
[Date "1989.??.??"]
[Round "12"]
[White "Topalov, Veselin"]
[Black "Inkiov, Ventzislav"]
[Result "0-1"]
[WhiteElo "2395"]
[BlackElo "2470"]
[PlyCount "76"]
[EventDate "1989.06.??"]
[EventType "tourn"]
[EventRounds "15"]
[EventCountry "BUL"]
[EventCategory "7"]
[SourceTitle "EXT 1999"]
[Source "ChessBase"]
[SourceDate "1998.11.16"]
[SourceVersion "1"]
[SourceVersionDate "1998.11.16"]
[SourceQuality "1"]

1. d4 Nf6 2. Nf3 e6 3. c4 d5 4. Nc3 Bb4 5. Bg5 h6 6. Bxf6 Qxf6 7. Qb3 c5 8.
cxd5 exd5 9. e3 O-O 10. Be2 Nc6 11. O-O c4 12. Qa4 Rd8 13. a3 Ba5 14. b4 Bc7
15. Rfe1 Bg4 16. b5 Ne7 17. Nd2 Bxe2 18. Nxe2 Nf5 19. Nf3 g5 20. Rab1 g4 21.
Nd2 h5 22. e4 Nxd4 23. Nxd4 Qxd4 24. exd5 Qxd5 25. Nxc4 Qc5 26. Qb3 Rac8 27.
Ne3 Bb6 28. g3 Ba5 29. Rf1 Bd2 30. Ng2 Rd4 31. Ra1 Rcd8 32. a4 Rb4 33. Qa3 Qc4
34. Ne3 Qe4 35. Ng2 Rdd4 36. Rad1 Qc2 37. f3 Rd3 38. Ne1 Qc5+ 0-1

[Event "BUL-ch 43th"]
[Site "Sofia"]
[Date "1989.??.??"]
[Round "13"]
[White "Danailov, Silvio"]
[Black "Topalov, Veselin"]
[Result "0-1"]
[WhiteElo "2385"]
[BlackElo "2395"]
[PlyCount "76"]
[EventDate "1989.06.??"]
[EventType "tourn"]
[EventRounds "15"]
[EventCountry "BUL"]
[EventCategory "7"]
[SourceTitle "EXT 1999"]
[Source "ChessBase"]
[SourceDate "1998.11.16"]
[SourceVersion "1"]
[SourceVersionDate "1998.11.16"]
[SourceQuality "1"]

1. d4 e6 2. Nf3 Nf6 3. g3 c5 4. Bg2 cxd4 5. O-O Be7 6. Nxd4 O-O 7. c4 a6 8. b3
Nc6 9. Nc3 Qc7 10. Bb2 d6 11. Rc1 Ne5 12. Qd2 Bd7 13. f4 Ng6 14. f5 Ne5 15.
fxe6 fxe6 16. e4 h6 17. Bh3 Nfg4 18. Nce2 Qb6 19. Nf4 g5 20. Nfe2 Rf3 21. Bxg4
Rxf1+ 22. Rxf1 Nxg4 23. h3 Ne5 24. Kg2 Rf8 25. Rxf8+ Bxf8 26. Bc3 Qc7 27. Qe3
Qc5 28. Qd2 b5 29. cxb5 axb5 30. Bb4 Qb6 31. Nc3 Bg7 32. Nde2 Nf7 33. Qd3 Bc6
34. Qd2 d5 35. exd5 exd5 36. Nd1 d4+ 37. Kh2 Ne5 38. Ng1 Ba8 0-1

[Event "BUL-ch 43th"]
[Site "Sofia"]
[Date "1989.??.??"]
[Round "14"]
[White "Topalov, Veselin"]
[Black "Panbukchian, Valentin"]
[Result "1-0"]
[WhiteElo "2395"]
[BlackElo "2215"]
[PlyCount "81"]
[EventDate "1989.06.??"]
[EventType "tourn"]
[EventRounds "15"]
[EventCountry "BUL"]
[EventCategory "7"]
[SourceTitle "EXT 1999"]
[Source "ChessBase"]
[SourceDate "1998.11.16"]
[SourceVersion "1"]
[SourceVersionDate "1998.11.16"]
[SourceQuality "1"]

1. d4 Nf6 2. Nf3 e6 3. c4 Bb4+ 4. Nbd2 d5 5. Qa4+ Nc6 6. a3 Bxd2+ 7. Bxd2 Ne4
8. Rd1 O-O 9. e3 Qe8 10. Qc2 a6 11. Bd3 f5 12. Bc1 b6 13. O-O Bb7 14. b4 Rc8
15. Qb3 Ne7 16. Ne5 dxc4 17. Qxc4 Nd5 18. f3 Nd6 19. Qc2 Qh5 20. Bd2 Rf6 21.
Qc1 Rh6 22. h3 Rf6 23. Kh2 Rff8 24. a4 Qh4 25. b5 axb5 26. axb5 Nf6 27. Nc6
Rce8 28. Be1 Qh6 29. Bf2 g5 30. Bg3 g4 31. Bf4 Qh5 32. Be2 Rf7 33. Be5 gxh3 34.
gxh3 Ref8 35. Rg1+ Kh8 36. Rg2 h6 37. Rdg1 Nde8 38. Nd8 Re7 39. Nxb7 Kh7 40.
Qa3 Ref7 41. Nd8 1-0

[Event "BUL-ch 43th"]
[Site "Sofia"]
[Date "1989.??.??"]
[Round "15"]
[White "Zahariev, Zahari"]
[Black "Topalov, Veselin"]
[Result "0-1"]
[WhiteElo "2365"]
[BlackElo "2395"]
[PlyCount "52"]
[EventDate "1989.06.??"]
[EventType "tourn"]
[EventRounds "15"]
[EventCountry "BUL"]
[EventCategory "7"]
[SourceTitle "EXT 1999"]
[Source "ChessBase"]
[SourceDate "1998.11.16"]
[SourceVersion "1"]
[SourceVersionDate "1998.11.16"]
[SourceQuality "1"]

1. e4 c5 2. Nf3 d6 3. d4 cxd4 4. Qxd4 Nc6 5. Bb5 Bd7 6. Bxc6 Bxc6 7. Nc3 Nf6 8.
Bg5 e6 9. O-O-O Be7 10. Rhe1 O-O 11. Qd2 Qc7 12. Nd4 Rfd8 13. Kb1 Rab8 14. f3
b5 15. Nce2 b4 16. g4 a5 17. h4 a4 18. Be3 Nd7 19. g5 Ne5 20. Nc1 Nc4 21. Qf2
Bd7 22. Nd3 Rdc8 23. Bc1 e5 24. Ne2 Be6 25. Ka1 Na3 26. Rf1 Qxc2 0-1

[Event "EU-ch U21"]
[Site "Arnhem"]
[Date "1989.12.19"]
[Round "1"]
[White "Claesen, Pieter"]
[Black "Topalov, Veselin"]
[Result "1/2-1/2"]
[WhiteElo "2260"]
[BlackElo "2460"]
[PlyCount "53"]
[EventDate "1989.12.19"]
[EventType "swiss"]
[EventRounds "13"]
[EventCountry "NED"]
[SourceTitle "TD"]
[Source "ChessBase"]
[SourceDate "1994.03.01"]
[SourceVersion "1"]
[SourceVersionDate "1994.03.01"]
[SourceQuality "1"]

1. c4 e5 2. Nc3 Nc6 3. Nf3 g6 4. d4 exd4 5. Nxd4 Bg7 6. Nxc6 bxc6 7. g3 Ne7 8.
Bg2 O-O 9. O-O d6 10. Qd2 Be6 11. b3 Qd7 12. Bb2 f5 13. f4 Kh8 14. Rad1 Ng8 15.
e4 Rad8 16. Qf2 fxe4 17. Nxe4 Bg4 18. Rde1 c5 19. h3 Bf5 20. g4 Bxe4 21. Rxe4
Rde8 22. Rfe1 Rxe4 23. Rxe4 Bf6 24. Qe2 Qg7 25. Bxf6 Qxf6 26. Bf3 c6 27. Kg2
1/2-1/2

[Event "EU-ch U21"]
[Site "Arnhem"]
[Date "1989.12.24"]
[Round "6"]
[White "Topalov, Veselin"]
[Black "Serper, Grigory"]
[Result "1-0"]
[WhiteElo "2460"]
[BlackElo "2420"]
[PlyCount "79"]
[EventDate "1989.12.19"]
[EventType "swiss"]
[EventRounds "13"]
[EventCountry "NED"]
[SourceTitle "TD"]
[Source "ChessBase"]
[SourceDate "1994.03.01"]
[SourceVersion "1"]
[SourceVersionDate "1994.03.01"]
[SourceQuality "1"]

1. d4 Nf6 2. c4 d6 3. Nf3 Nbd7 4. Nc3 c6 5. e4 e5 6. Be2 Be7 7. O-O O-O 8. Qc2
a6 9. Rd1 Qc7 10. Bg5 Re8 11. Rac1 h6 12. Bh4 Nf8 13. c5 exd4 14. cxd6 Bxd6 15.
Rxd4 Ng4 16. Bg3 Bxg3 17. hxg3 Qa5 18. Qd1 Qh5 19. Nh4 g5 20. Nd5 cxd5 21. Rxc8
gxh4 22. Bxg4 Qe5 23. Rxd5 Qxe4 24. Rxa8 Rxa8 25. gxh4 Re8 26. g3 Qb4 27. Rd2
Ng6 28. a3 Qc5 29. Bf3 Re7 30. Kg2 Kg7 31. Rd5 Qb6 32. Qd2 Re6 33. Qc3+ Kg8 34.
h5 Nf8 35. Rd4 Re5 36. Qd2 Qf6 37. Rf4 Qe7 38. Rb4 b5 39. Qxh6 Ne6 40. Rg4+ 1-0

[Event "EU-ch U21"]
[Site "Arnhem"]
[Date "1989.12.27"]
[Round "8"]
[White "Topalov, Veselin"]
[Black "Norri, Joose"]
[Result "1-0"]
[WhiteElo "2460"]
[BlackElo "2370"]
[PlyCount "69"]
[EventDate "1989.12.19"]
[EventType "swiss"]
[EventRounds "13"]
[EventCountry "NED"]
[SourceTitle "TD"]
[Source "ChessBase"]
[SourceDate "1994.03.01"]
[SourceVersion "1"]
[SourceVersionDate "1994.03.01"]
[SourceQuality "1"]

1. d4 g6 2. e4 Bg7 3. Nf3 d6 4. Nc3 a6 5. a4 Nf6 6. Be2 O-O 7. O-O e5 8. dxe5
dxe5 9. Bg5 Qe8 10. Qd2 Bg4 11. Bxf6 Bxf6 12. Nd5 Bd8 13. Ra3 Nc6 14. Bc4 Kg7
15. Rd3 h6 16. c3 Na5 17. Ba2 b5 18. Qe3 Rb8 19. axb5 Bxf3 20. Qxf3 axb5 21.
Rfd1 Nc4 22. Qe2 c6 23. Nb4 Ba5 24. Rd7 Bxb4 25. cxb4 Qe6 26. Bb3 Rfc8 27. h3
c5 28. bxc5 Rxc5 29. Ra7 Rc6 30. Rdd7 Rf8 31. Rd5 Rb8 32. Kh2 Ra6 33. Rxb5 Rxb5
34. Rxa6 Qxa6 35. Bxc4 1-0

[Event "EU-ch U21"]
[Site "Arnhem"]
[Date "1989.12.29"]
[Round "10"]
[White "Topalov, Veselin"]
[Black "Pedzich, Dominik"]
[Result "1/2-1/2"]
[WhiteElo "2460"]
[BlackElo "2365"]
[PlyCount "81"]
[EventDate "1989.12.19"]
[EventType "swiss"]
[EventRounds "13"]
[EventCountry "NED"]
[SourceTitle "TD"]
[Source "ChessBase"]
[SourceDate "1994.03.01"]
[SourceVersion "1"]
[SourceVersionDate "1994.03.01"]
[SourceQuality "1"]

1. d4 Nf6 2. c4 g6 3. Nc3 Bg7 4. e4 d6 5. Be2 O-O 6. Bg5 h6 7. Be3 c5 8. d5 e6
9. Qd2 exd5 10. cxd5 Re8 11. f3 Nbd7 12. Nh3 Ne5 13. Nf2 Kh7 14. O-O a6 15. a4
Rb8 16. Rfb1 Qa5 17. Qd1 g5 18. Qc2 Nfd7 19. Nfd1 Ng6 20. Bf2 Bd4 21. g3 Nde5
22. Ne3 Qd8 23. Nf5 Bxf2+ 24. Kxf2 Qf6 25. b4 Ne7 26. Nxe7 Rxe7 27. Kg2 cxb4
28. Rxb4 Rc7 29. Rc1 Bd7 30. Qb2 Ng6 31. a5 Be8 32. Qd2 Rbc8 33. Na2 Rxc1 34.
Nxc1 Rc7 35. Nb3 Ne5 36. Nd4 Bd7 37. Rb3 Bc8 38. Rc3 Qd8 39. Qc1 Rxc3 40. Qxc3
Bd7 41. Nc2 1/2-1/2

[Event "EU-ch U21"]
[Site "Arnhem"]
[Date "1989.12.31"]
[Round "12"]
[White "Markovic, Ivan"]
[Black "Topalov, Veselin"]
[Result "1-0"]
[WhiteElo "2370"]
[BlackElo "2460"]
[PlyCount "59"]
[EventDate "1989.12.19"]
[EventType "swiss"]
[EventRounds "13"]
[EventCountry "NED"]
[SourceTitle "TD"]
[Source "ChessBase"]
[SourceDate "1994.03.01"]
[SourceVersion "1"]
[SourceVersionDate "1994.03.01"]
[SourceQuality "1"]

1. e4 e6 2. d4 d5 3. Nc3 Nc6 4. e5 f6 5. f4 fxe5 6. dxe5 Nh6 7. Qh5+ g6 8. Qh3
Nb4 9. Bd3 c5 10. Bb5+ Kf7 11. Kd1 Kg7 12. a3 Nc6 13. Nf3 Nf5 14. g4 Nfd4 15.
Be2 Nxe2 16. Nxe2 d4 17. Ng3 Qd5 18. Rf1 d3 19. f5 exf5 20. Bh6+ Kg8 21. Bxf8
Bd7 22. Bd6 fxg4 23. Qh6 dxc2+ 24. Kc1 gxf3 25. Nh5 Qd1+ 26. Rxd1 cxd1=Q+ 27.
Kxd1 gxh5 28. Qg5+ Kf7 29. Qf6+ Kg8 30. e6 1-0

[Event "EU-ch U21"]
[Site "Arnhem"]
[Date "1990.01.02"]
[Round "13"]
[White "Topalov, Veselin"]
[Black "Fogarasi, Tibor"]
[Result "1/2-1/2"]
[WhiteElo "2460"]
[BlackElo "2395"]
[PlyCount "45"]
[EventDate "1989.12.19"]
[EventType "swiss"]
[EventRounds "13"]
[EventCountry "NED"]
[SourceTitle "TD"]
[Source "ChessBase"]
[SourceDate "1994.03.01"]
[SourceVersion "1"]
[SourceVersionDate "1994.03.01"]
[SourceQuality "1"]

1. d4 d5 2. c4 e6 3. Nf3 Nf6 4. Bg5 Bb4+ 5. Nc3 dxc4 6. e4 c5 7. Bxc4 cxd4 8.
Nxd4 Bxc3+ 9. bxc3 Qa5 10. Bxf6 Qxc3+ 11. Kf1 gxf6 12. Rc1 Qa5 13. h4 Ke7 14.
Rh3 Nc6 15. Nxc6+ bxc6 16. Rd3 Rb8 17. Kg1 Rb4 18. Qd2 Ra4 19. Qe3 Rd8 20. Bb3
Rxd3 21. Qxd3 Qa6 22. Qe3 Ra5 23. Rd1 1/2-1/2

[Event "Dornbirn op"]
[Site "Dornbirn"]
[Date "1990.??.??"]
[Round "?"]
[White "Topalov, Veselin"]
[Black "Donev, Ivo Hristov"]
[Result "1/2-1/2"]
[WhiteElo "2495"]
[BlackElo "2385"]
[PlyCount "25"]
[EventDate "1990.??.??"]
[EventType "swiss"]
[EventRounds "9"]
[EventCountry "AUT"]
[SourceTitle "EXT 1997"]
[Source "ChessBase"]
[SourceDate "1996.11.15"]
[SourceVersion "1"]
[SourceVersionDate "1996.11.15"]
[SourceQuality "1"]

1. c4 c5 2. Nc3 Nc6 3. g3 g6 4. Bg2 Bg7 5. Nf3 Nf6 6. O-O O-O 7. d4 d6 8. dxc5
dxc5 9. Be3 Be6 10. Bxc5 Bxc4 11. Qxd8 Rfxd8 12. Rfd1 Rxd1+ 13. Rxd1 1/2-1/2

[Event "Wch U16"]
[Site "Singapore"]
[Date "1990.??.??"]
[Round "?"]
[White "Topalov, Veselin"]
[Black "Votava, Jan"]
[Result "1/2-1/2"]
[WhiteElo "2495"]
[BlackElo "2340"]
[PlyCount "105"]
[EventDate "1990.06.??"]
[EventType "swiss"]
[EventRounds "11"]
[EventCountry "SIN"]
[SourceTitle "EXT 1997"]
[Source "ChessBase"]
[SourceDate "1996.11.15"]
[SourceVersion "1"]
[SourceVersionDate "1996.11.15"]
[SourceQuality "1"]

1. d4 Nf6 2. Nf3 c5 3. d5 b5 4. Bg5 Ne4 5. Bh4 Qa5+ 6. c3 b4 7. Qc2 bxc3 8.
Nxc3 Nxc3 9. Qxc3 Qxc3+ 10. bxc3 Ba6 11. e4 d6 12. Kd2 e5 13. Bxa6 Nxa6 14.
Rab1 c4 15. Kc2 Nc5 16. Nd2 Be7 17. Bxe7 Kxe7 18. Rb4 g6 19. Rxc4 f5 20. Rb1
Rac8 21. f3 h5 22. Rbb4 a5 23. Rb1 a4 24. Re1 f4 25. Rb4 g5 26. Nc4 g4 27. Nb2
Rhg8 28. Re2 gxf3 29. gxf3 Rg1 30. Nxa4 Ra8 31. Nxc5 Rxa2+ 32. Kd3 Rd1+ 33. Kc4
Rxe2 34. Rb7+ Ke8 35. Rb8+ Kf7 36. Rb7+ Ke8 37. Rb8+ Kf7 38. Rb7+ Kg6 39. Rb6
Re3 40. Rxd6+ Kg5 41. Re6 Rxf3 42. d6 Re3 43. Rxe5+ Kg4 44. d7 f3 45. h3+ Kg3
46. Rd5 Rxd5 47. Kxd5 Re1 48. Ne6 f2 49. d8=Q Rd1+ 50. Nd4 f1=Q 51. Qg5+ Kh2
52. h4 Qb5+ 53. Kd6 1/2-1/2

[Event "Wch U16"]
[Site "Singapore"]
[Date "1990.??.??"]
[Round "?"]
[White "Zoler, Dan"]
[Black "Topalov, Veselin"]
[Result "1-0"]
[WhiteElo "2275"]
[BlackElo "2495"]
[PlyCount "97"]
[EventDate "1990.06.??"]
[EventType "swiss"]
[EventRounds "11"]
[EventCountry "SIN"]
[SourceTitle "EXT 1997"]
[Source "ChessBase"]
[SourceDate "1996.11.15"]
[SourceVersion "1"]
[SourceVersionDate "1996.11.15"]
[SourceQuality "1"]

1. d4 Nf6 2. c4 d6 3. Nc3 Nbd7 4. g3 e5 5. e3 g6 6. Bg2 Bg7 7. Nge2 O-O 8. O-O
Re8 9. b3 c6 10. Qc2 Qa5 11. Bb2 Nf8 12. a3 h5 13. b4 Qc7 14. Rfe1 N8h7 15.
Rad1 Ng5 16. f3 Nh3+ 17. Kf1 h4 18. dxe5 dxe5 19. Ng1 Nxg1 20. Kxg1 Bf5 21. e4
Be6 22. c5 Nh5 23. Qf2 hxg3 24. hxg3 Bb3 25. Rd3 Rad8 26. Nb5 cxb5 27. Rxb3 Bh6
28. Bc3 Qd7 29. Bf1 a6 30. Rbb1 Bd2 31. Red1 Bxc3 32. Rxd7 Rxd7 33. Qc2 Bd4+
34. Kg2 Be3 35. Rd1 Red8 36. Rxd7 Rxd7 37. Qc3 Bd4 38. c6 Rd8 39. Qc2 bxc6 40.
Qxc6 Be3 41. Qc3 Bd4 42. Qc7 Re8 43. Bd3 Ra8 44. Bb1 Ra7 45. Qd8+ Kg7 46. f4
Nf6 47. Kf3 Nd7 48. Ba2 Bb2 49. Qe7 1-0

[Event "Altensteig"]
[Site "Altensteig"]
[Date "1990.??.??"]
[Round "8"]
[White "Topalov, Veselin"]
[Black "Hickl, Joerg"]
[Result "1/2-1/2"]
[WhiteElo "2475"]
[BlackElo "2480"]
[Annotator "Schussler,H"]
[PlyCount "99"]
[EventDate "1990.07.??"]
[EventType "tourn"]
[EventRounds "11"]
[EventCountry "GER"]
[EventCategory "9"]
[SourceTitle "CBM 020"]
[Source "ChessBase"]
[SourceDate "1991.02.01"]
[SourceVersion "1"]
[SourceVersionDate "1991.02.01"]
[SourceQuality "1"]

1. d4 Nf6 2. c4 c5 3. d5 e5 4. Nc3 d6 5. e4 Be7 6. g3 O-O 7. Bg2 Ne8 8. Nge2
Bd7 $5 {Unusal and interesting. Black prepares b5 but weakens e5 (not Nd7!).}
9. O-O Nc7 10. a4 {This is a standard move as a Black knight on b4 is slightly
out of play and rather harmless.} Nba6 11. h3 Nb4 12. Kh2 Rb8 13. f4 Bf6 14.
Ng1 a6 15. a5 b5 16. axb6 Na8 17. Nf3 Nxb6 18. Qe2 {18.fxe5!?} Qe8 19. f5 Bd8
20. g4 f6 21. h4 a5 22. Rg1 a4 23. Bf1 Bc8 24. Qd1 Ra8 25. Be3 Kh8 26. Be2 g6
27. Nb5 Qd7 28. Qd2 Ba6 29. Na3 Be7 30. Rg3 gxf5 31. gxf5 Rg8 32. Rag1 Rxg3 33.
Rxg3 Rg8 34. Rxg8+ Kxg8 35. Ng1 Bf8 36. Nh3 Qg7 37. Nf2 Kf7 38. Nd1 Ke8 39. Nc3
Kd8 40. Qd1 Qd7 41. h5 Kc8 42. h6 Kb7 43. Kh3 Kc8 44. Kh4 Kd8 45. Qg1 Qf7 46.
Bd2 Kc8 47. Qg2 Kb7 48. Ncb5 Bxb5 49. cxb5 Ka7 50. Bh5 $14 1/2-1/2

[Event "Altensteig"]
[Site "Altensteig"]
[Date "1990.??.??"]
[Round "10"]
[White "Topalov, Veselin"]
[Black "Mohr, Stefan"]
[Result "0-1"]
[WhiteElo "2475"]
[BlackElo "2430"]
[Annotator "Ftacnik,L"]
[PlyCount "72"]
[EventDate "1990.07.??"]
[EventType "tourn"]
[EventRounds "11"]
[EventCountry "GER"]
[EventCategory "9"]
[SourceTitle "CBM 020"]
[Source "ChessBase"]
[SourceDate "1991.02.01"]
[SourceVersion "1"]
[SourceVersionDate "1991.02.01"]
[SourceQuality "1"]

1. d4 Nf6 2. c4 g6 3. Nc3 d5 4. Nf3 Bg7 5. cxd5 Nxd5 6. e4 Nxc3 7. bxc3 c5 8.
Rb1 O-O 9. Be2 Nc6 10. d5 Ne5 11. Nxe5 Bxe5 12. Qd2 b6 13. f4 Bg7 14. c4 e5 15.
O-O exf4 16. Bb2 $6 (16. Qxf4 Qe7) 16... g5 $5 17. Bxg7 (17. e5 $2 Re8 $17)
17... Kxg7 18. a4 (18. e5 f6 19. Qc3 (19. e6 $2 Bxe6) 19... fxe5 20. Qxe5+ Qf6
$17) 18... Qd6 19. a5 (19. g3 Bh3 20. Rf2 fxg3 21. Qxg5+ Kh8 22. hxg3 Rg8 $17)
19... f6 20. Rb3 Rb8 21. Rfb1 Re8 22. Bd3 Re7 23. axb6 axb6 24. Qb2 Reb7 25. h3
(25. Re1 Qe5 $17) 25... Bd7 26. Qf2 Qe5 27. Kh1 Ba4 28. R3b2 Be8 29. Rb3 Bg6
30. Qe2 Qd4 31. Bc2 Be8 32. Bd3 Bd7 33. Qh5 Be8 34. Qe2 Bd7 35. Qh5 Qe5 36. Bc2
$2 Ba4 {Ftacnik,L} 0-1